| 000 | 00000nam##2200000za#4500 |
| 001 | 9.590371 |
| 003 | CaOODSP |
| 005 | 20210624200108 |
| 007 | cr ||||||||||| |
| 008 | 150406|1986||||xxc|||||o f|0| 0 eng|d |
| 040 | |aCaOODSP|beng |
| 041 | |aeng |
| 041 | |afre |
| 043 | |an-cn--- |
| 086 | 1 |aS52-2/144-1986-PDF |
| 110 | 1 |aCanada. |bPublic Works and Government Services Canada. |bTranslation Bureau. |
| 245 | 10|aTitles of federal acts |h[electronic resource] |
| 250 | |a4th ed. |
| 260 | |aOttawa - Ontario : |bPublic Works and Government Services Canada. |c1986. |
| 300 | |a132p. |
| 490 | 1 |aTerminology bulletin |vNo. 144-1986 |
| 500 | |aDigitized edition from print. [Produced by Publishing and Depository Services, 2014.] On t.p.: Translation Bureau. Terminology and Documentation Branch. |
| 590 | |a14-22-Supp|b2014-12-24 |
| 792 | |tTitres de lois fédérales |efre|w(CaOODSP)9.590372 |
| 830 | #0|aTerminology bulletin ;|vNo. 144-1986|w(CaOODSP)9.500139 |
| 856 | 40|ahttp://publications.gc.ca|qPDF|s1397 KB|uhttps://publications.gc.ca/collections/collection_2014/tpsgc-pwgsc/S52-2-144-1986.pdf|yNo. 144-1986 |